ABR's 100 Best Books of the 20th Century Quiz Stats

 Plays Quiz Updated Sep 9, 2017

     
Support Sporcle.
Go Orange.
Score 0/100 Timer 12:00
2 Plays Today
Author Book % Correct
Vladimir NabokovLolita
81.4%
James JoyceUlysses
80.5%
F. Scott FitzgeraldThe Great Gatsby
79.3%
George Orwell1984
78%
J.D. SalingerThe Catcher in the Rye
73.7%
John SteinbeckThe Grapes of Wrath
70.9%
Joseph HellerCatch 22
67.8%
Jack KerouacOn the Road
67.2%
Aldous HuxleyBrave New World
65.6%
Kurt VonnegutSlaughterhouse-Five
59.5%
Joseph ConradHeart of Darkness
56.9%
Toni MorrisonBeloved
54.4%
William FaulknerThe Sound and the Fury
53.6%
Ralph EllisonInvisible Man
49.3%
Anthony BurgessA Clockwork Orange
49%
Virginia WoolfTo the Lighthouse
47.3%
Ernest HemingwayThe Sun Also Rises
41.1%
James JoyceDubliners
40.1%
James JoyceA Portrait of the Artist as a Young Man
38.9%
Bret Easton EllisAmerican Psycho
35.9%
Salman RushdieMidnight's Children
35.9%
Zora Neal HurstonTheir Eyes Were Watching God
35.5%
Thomas PynchonGravity's Rainbow
33.6%
James JoyceFinnegans Wake
33.1%
E.M. ForsterA Passage to India
32.8%
Henry MillerTropic of Cancer
31.4%
David Foster WallaceInfinite Jest
28.7%
Vladimir NabokovPale Fire
26.8%
Richard WrightNative Son
24.6%
William FaulknerAbsalom, Absalom!
23.5%
Cormac McCarthyBlood Meridian
22.3%
Malcolm LowryUnder the Volcano
18.3%
D.H. LawrenceWomen in Love
17.1%
Norman MailerThe Naked and the Dead
16.8%
Author Book % Correct
John FowlesThe French Lieutenant's Woman
16.3%
William GibsonCyberspace Trilogy
15.9%
Doris LessingGolden Notebook
14%
Edith WhartonThe House of Mirth
13.6%
Don DeLilloUnderworld
13.5%
Theodore DreiserAn American Tragedy
12.8%
Nathanael WestThe Day of the Locust
12.1%
J.G. BallardCrash
12.1%
Sherwood AndersonWinesburg, Ohio
12%
Phillip K. DickThe Man in the High Castle
10.8%
John Dos PassosUSA Trilogy
10.6%
Paul AusterNew York Trilogy
10.3%
Marilynn RobinsonHousekeeping
10.1%
Henry JamesThe Ambassadors
9.9%
Flannery O'ConnorWise Blood
9.4%
Samuel BeckettTrilogy
9.3%
Flann O'BrienAt Swim-Two-Birds
8.7%
Thomas WolfeLook Homeward, Angel
8.5%
Paul BowlesThe Sheltering Sky
8.3%
William KennedyAlbany Trilogy
8.3%
Dashiell HammettRed Harvest
7.3%
Don DeLilloLibra
7%
William GaddisThe Recognitions
6.7%
John BarthThe Sot-Weed Factor
6.1%
William GaddisJR
6%
Jean ToomerCane
5.3%
William S. BurroughsNova Trilogy
5.2%
Robert CooverThe Public Burning
5.1%
Djuna BarnesNightwood
5.1%
Raymond CarverWhat We Talk About When We Talk About Love
5%
Gertrude SteinThe Making of Americans
4.9%
Tom RobbinsSkinny Legs and All
4.7%
William GassThe Tunnel
4.5%
J.M. CoetzeeWaiting for the Barbarians
4.3%
Author Book % Correct
Donald Barthelme60 Stories
3.9%
Samuel R. DelanyDhalgren
3.9%
Stephen WrightGoing Native
3.7%
William T. VollmannThe Rifles
3.5%
Samuel R. DelanyHogg
3.5%
Paul MetcalfGenoa
3.2%
Ronald SukenickUp
3.2%
William H. GassIn the Heart of the Heart of the Country
3%
Raymond FedermanDouble or Nothing
3%
Harry MathewsTlooth
2.9%
Raymond FedermanTake It Or Leave It
2.9%
William GassOmensetter's Luck
2.8%
John HawkesThe Cannibal
2.7%
Robert CooverPricksongs and Descants
2.7%
Gene WolfeThe Book of the New Sun Tetrology
2.6%
Rikki DucornetThe Four Elements Tetrology
2.4%
Ursula K. LeGuinAlways Coming Home
2.3%
Russell HobanRiddley Walker
2.1%
Gilbert SorrentinoMulligan Stew
2.1%
Joseph McElroyLookout Cartridge
2.1%
Theodore SturgeonMore Than Human
2%
Steve KatzCreamy and Delicious
1.9%
William EastlakeCheckerboard Trilogy
1.9%
Stanley ElkinThe Franchiser
1.8%
Ben MarcusThe Age of Wire and String
1.7%
William T. VollmannYou Bright and Risen Angels
1.5%
Alexander TherouxDarconville's Cat
1.4%
Steve EricksonTours of the Black Clock
1.3%
Kathy AckerIn Memoriam to Identity
1.2%
Robert CooverThe Universal Baseball Association, J. Henry Waugh, Prop
1.2%
Ishmael ReedYellow Back Radio Broke Down
1.2%
Ted MooneyEasy Travels to Other Planets
0.9%

From the Vault

Click a Movie, Initially - Best Picture Winners III

by B_Awesome_87

Movies 5m
If movies went by their initials, it'd take way less time to say their names.
Remove Ads.
Support Sporcle.
Get the best of Sporcle when you Go Orange. This ad-free experience offers more features, more stats, and more fun while also helping to support Sporcle. Thank you for becoming a member.

Show Comments

Extras

Top Quizzes Today


Score Distribution

Your Account Isn't Verified!

In order to create a playlist on Sporcle, you need to verify the email address you used during registration. Go to your Sporcle Settings to finish the process.

Report this User

Report this user for behavior that violates our Community Guidelines.

Details: